Fast Typing A - Z in Order - Statistics

General Stats
  • This quiz has been taken 293 times
  • The average score is 25 of 26
Answer Stats
Answer % Correct
A
100%
B
99%
C
99%
D
98%
E
98%
F
97%
G
97%
H
97%
I
97%
J
95%
K
95%
L
95%
M
94%
N
93%
O
93%
P
92%
Q
92%
R
92%
S
92%
T
92%
U
92%
V
91%
W
90%
X
90%
Y
90%
Z
90%
No matching quizzes found
Score Distribution
Percent of People with Each Score
Percentile by Number Answered
Your Score History
You have not taken this quiz